| 000 | 01149nam a2200337 a 4500 | ||
|---|---|---|---|
| 001 | dti1492637335 | ||
| 003 | DLC-MRC | ||
| 005 | 20170330114019.0 | ||
| 008 | 160318s2016 ilu b 000 1 eng | ||
| 010 | _a 2015039333 | ||
| 020 |
_a1492637335 : _c8.49 |
||
| 020 | _a9781492637332 (alk. paper) | ||
| 040 |
_aDLC _beng _cDLC _dTnJaDT _erda |
||
| 042 |
_apcc _alcac |
||
| 050 | 0 | 0 |
_aPZ8.3.W15844 _bHot 2016 |
| 082 | 0 | 0 |
_aE _223 |
| 100 | 1 |
_aWallace, Adam, _eauthor. |
|
| 245 | 1 | 0 |
_aHow to catch the Tooth Fairy / _cwritten by Adam Wallace ; illustrated by Andy Elkerton. |
| 264 | 1 |
_aNaperville, Illinois : _bSourcebooks Jabberwocky, _c[2016] |
|
| 300 |
_a1 volume (unpaged) : _bcolor illustrations ; _c21 cm. |
||
| 336 | _atext | ||
| 336 | _astill image | ||
| 337 | _aunmediated | ||
| 338 | _avolume | ||
| 520 | _aThe Tooth Fairy describes the many traps she must avoid as she collects children's teeth at night. | ||
| 521 | 8 |
_a430L _bLexile. |
|
| 650 | 1 |
_aFairies _vFiction. |
|
| 650 | 1 |
_aTooth Fairy _vFiction. |
|
| 650 | 1 | _aStories in rhyme. | |
| 700 | 1 |
_aElkerton, Andy, _eillustrator. |
|
| 999 |
_c214315 _d214315 |
||